000 00541nam a22002057a 4500
003 OSt
005 20140310183127.0
008 130529t xxu||||| |||| 00| 0 eng d
020 _a9789712726750
050 _aDS 686.2
_b.M141 2012
082 _aFIL 959.9042092
_bM141 2012
245 _aBride of War
_c Maceda, Teresita Gimenez
260 _aMandaluyong City
_bAnvil Publishing Inc.
_cc2012
300 _a182 p.
521 _acollege students
526 _c1210L-1700L
541 _j1
562 _e1
942 _2lcc
_cBK
_kFIL
999 _c19046
_d19046